000 00567nam a2200205 a 4500
005 20140310183508.0
008 101020s19uu xx 00 eng d
020 _a978-1905-814640
050 _aTR 267
_b.G467 2009
100 _aGeorge, Chris
245 _aThe book of digital photography :
_bfully updated /
250 _a2nd ed.
260 _aUnited Kingdom :
_bILEX,
_c2009.
300 _a320 p. :
_bcol. ill. ;
_c30 cm.
521 _aMA
650 _aPhotography
_xDigital techniques.
650 _aPhotography.
942 _cBK
_2lcc
_kFOR
999 _c24118
_d24118